| 000 | 00513nam a2200193 a 4500 | ||
|---|---|---|---|
| 005 | 20140310183423.0 | ||
| 008 | 070925s19uu xx 00 eng d | ||
| 020 | _a0-205-46724-5 | ||
| 050 |
_aQP 360 _b.C35 2007 |
||
| 100 | _aCarlson, Neil R. | ||
| 245 |
_aPhysiology of Behavior. _cNeil R. Carlson |
||
| 250 | _a9th ed. | ||
| 260 |
_aU.S.A : _bPearson Education, _c2007. |
||
| 300 |
_a734 p. : _bill. ; _c28 cm. |
||
| 521 | _aNUR | ||
| 650 | _aPsychophysiology. | ||
| 942 |
_cBK _2lcc _kFOR |
||
| 999 |
_c22618 _d22618 |
||